000
00341nam a2200169Ia 4500
100
_a
McEwen/Adrian/ Cassimally/Hakim
650
_a
IOT
942
_c
BK
366
_f
20
654
_a
IOT
245
_a
Designing the internet of things
260
_b
Wiley
_c
2014
082
_b
MCE
300
_a
324
546
_a
ENGLISH
999
_c
24215
_d
24215